000
00294nam a22001337a 4500
003
SGT
082
_a
342
_b
ANA
100
_a
ANAND A S
245
_a
THE CONSTITUTION JAMMU & KASHMIR
250
_a
2ND
260
_a
NEW DELHI
_b
UNIVERSAL BOOK TRADERS
_c
1994
300
_a
517
942
_2
ddc
_c
BK
999
_c
26703
_d
26703